| 000 | 01652nam a2200265 a 4500 | ||
|---|---|---|---|
| 008 | 080827s1977 ||||||||||||||||| || u | ||
| 020 | _a0333227751 | ||
| 050 | _aTA 183 See | ||
| 100 | _aSeeley, Ivor H | ||
| 245 | 1 | 0 |
_aCivil engineering quantities. -- 3rd. ed. _cIvor H. Seeley |
| 250 | _a3rd. ed. | ||
| 260 |
_aLondon _bMacmillan _c1977 |
||
| 300 | _ax, 242p.: ill | ||
| 350 | _a0.00 | ||
| 650 | _aENGINEERING | ||
| 650 | _aCIVIL ENGINEERING--SPECIFICATION--ENGLAND | ||
| 650 | _aENGINEERING--ESTIMATES--ENGLAND | ||
| 995 |
_aTEXTBOOKS (SBE) _D0.00 _e5241 _FCBU-SCHOOL TEXTBOOK COLLECTIONS _H1 _I0.00 _jSCHOOL TEXTBOOK _M3 _UAVAILABLE _WSep 2, 2009 _y5241 _ZSchool Collections |
||
| 995 |
_aMAIN LIBRARY OPEN ACCESS _D0.00 _e738777 _FCBU-MAIN LIBRARY (Kitwe) _H1 _I0.00 _jTA 183 SEE _M1 _UAVAILABLE _WAug 27, 2008 _y738777 _ZMain Library Open Access Collection |
||
| 995 |
_aTEXTBOOKS (SBE) _D0.00 _e5434 _FCBU-SCHOOL TEXTBOOK COLLECTIONS _H1 _I0.00 _jSCHOOL TEXTBOOK _M6 _UAVAILABLE _WSep 8, 2009 _y5434 _ZSchool Collections |
||
| 995 |
_aTEXTBOOKS (SBE) _D0.00 _e5435 _FCBU-SCHOOL TEXTBOOK COLLECTIONS _H1 _I0.00 _jSCHOOL TEXTBOOK _M7 _UAVAILABLE _WSep 8, 2009 _y5435 _ZSchool Collections |
||
| 995 |
_aTEXTBOOKS (SBE) _D0.00 _e5242 _FCBU-SCHOOL TEXTBOOK COLLECTIONS _H1 _I0.00 _jSCHOOL TEXTBOOK _M4 _UAVAILABLE _WSep 2, 2009 _y5242 _ZSchool Collections |
||
| 995 |
_aTEXTBOOKS (SBE) _D0.00 _e5433 _FCBU-SCHOOL TEXTBOOK COLLECTIONS _H1 _I0.00 _jSCHOOL TEXTBOOK _M5 _UAVAILABLE _WSep 8, 2009 _y5433 _ZSchool Collections |
||
| 995 |
_aMAIN LIBRARY OPEN ACCESS _D0.00 _e738778 _FCBU-MAIN LIBRARY (Kitwe) _H1 _I0.00 _jTA 183 See _M2 _UAVAILABLE _WAug 27, 2008 _y738778 _ZMain Library Open Access Collection |
||
| 999 |
_c79362 _d79362 |
||